000 00503nam a2200181Ia 4500
008 090124s9999 xx 000 0 und d
082 _b14141
_a3369
100 _aकुलकर्णी दत्ता.जी.
245 _a सावज
250 _a1
260 _c1964
300 _a134
600 _aकुलकर्णी दत्ता.जी.
630 _a सावज
700 _aकुलकर्णी दत्ता.जी.
730 _a सावज
942 _cBOOK
999 _c128081
_d128081